| 000 | 01294nam0a2200337 4500 | ||
|---|---|---|---|
| 001 | RU\NLR\BIBL_A\022123713 | ||
| 005 | 20240221161239.0 | ||
| 010 |
_a978-5-91818-892-7 _9100 |
||
| 021 |
_aRU _bКН-П-23-078373 _9КН-П-23-7918 |
||
| 035 | _a(NLR Aleph) 022123713 | ||
| 035 | _a(RuMoRGB)012436256 | ||
| 090 |
_a12814838 _c12814838 |
||
| 100 | _a20240202d2023 u y0rusy50 ca | ||
| 101 | 0 | _arus | |
| 102 | _aRU | ||
| 105 | _aa z 000gy | ||
| 181 | 0 |
_ai _baxxe |
|
| 181 | 0 |
_ab1 _bbb2e |
|
| 182 | 0 | _an | |
| 200 | 1 |
_aАзбука здоровья _eэтичная детская азбука _e[в стихах] _fОстя Горгоц _g[иллюстрации: Арпентий Анна Петровна и др.] |
|
| 203 |
_aТекст _aИзображение _bвизуальные _cнепосредственные |
||
| 210 |
_aСаратов _cКУБиК _d2023 |
||
| 215 |
_a24, [3] с. _cцв. ил. _d21 _eприл. (1 отд. л. цв. ил.) |
||
| 686 | 0 | _aШ9(2)60=Р7-5 | |
| 700 | 1 |
_aГоргоц _bО. _gОстя |
|
| 702 | 1 |
_aАрпентий Анна Петровна _bА. П. _gАнна Петровна _4440 |
|
| 942 | _cBOOK | ||
| 980 | _aNB | ||